000
00281nam a2200097Ia 4500
082
_a
307.1|SELF
245
0
_a
Self, community and psychology
100
_a
Collins, Anthony Claremont, South Africa, [2013]
_9
66576
942
_c
BK
008
210817s9999 xx 000 0 und d
999
_c
213736
_d
213735